LEADER 01043nam a2200241 i 4500 001 000000118055 003 CaOOAMICUS 005 20021001000000.0 008 021001s1983 it u000 u mul u 013 $a90748 040 $aSeMil$bita 100 1 $aConforti, Guido Maria,$c.$0(OLS)http://semarc/name/5125 245 10$aLettere Pastorali :$b(Ravenna 1902-1905, Parma 1908-1931) /$cGuido Maria Conforti Maria. 260 $aRoma :$bPostulazione Generale Saveriana,$c1983. 300 $a702 p. ;$c24 cm. 500 $aFondo Card. C.M. Martini. 650 4$aConforti, Guido Maria - Insegnamenti.$0(OLS)http://semarc/subject/21553 850 $aSeMil 852 $aSeMil$W1$xVenegono$y1$m2F IV 41$j73386$B73386$CSeMilBibl$Z2$F85435 $81 941 1 $a4 961 $aOmaggio: Martini Card. Carlo Maria 996 $6245$aLettere Pastorali :$b(Ravenna 1902-1905, Parma 1908-1931)$9(OLS)http://semarc/title/173400 996 $6260$aRoma :$bPostulazione Generale Saveriana$9(OLS)http://semarc/publisher/45104 LEADER 01190nam a2200253 i 4500 001 000000225266 003 CaOOAMICUS 005 20131128000000.0 008 131128s1952 it u000 u ita u 013 $a204168 040 $aSeMil$bita 100 1 $aFaulhaber, Michael : von .$0(OLS)http://semarc/name/20910 245 10$aDonne nella Bibbia /$cMichael Faulhaber ; Traduzione italiana autorizzata dal testo originale tedesco di Lola Lorme e Emilia Martinez ; prefazione di S.E. il Card. Elia Dalla Costa. 260 $aTorino :$bSEI,$c1952. 300 $a226 p. ;$c22 cm. 650 4$aBibbia - Personaggi femminili.$0(OLS)http://semarc/subject/7423 700 1 $aMartinez, Emilia.$0(OLS)http://semarc/name/40189 700 1 $aLorme, Lola.$0(OLS)http://semarc/name/40188 700 1 $aDalla Costa, Elia,$c.$0(OLS)http://semarc/name/5671 850 $aSeMil 852 $aSeMil$W1$xVenegono$y1$m2V III 80$j175612$B175612$CSeMilBibl$Z2$F185840 $81 961 $aRecupero: Biblioteca Seminario Liceale 996 $6245$aDonne nella Bibbia$9(OLS)http://semarc/title/134398 996 $6260$aTorino :$bSEI$9(OLS)http://semarc/publisher/29848